000 00504cam a2200181 a 4500
999 _c338
_d338
020 _a061826597X
050 0 0 _aQD31
_b.St6
100 1 _aStoker, H. Stephen
245 1 0 _aGeneral, organic, and biological chemistry /
_cH. Stephen Stoker.
250 _a3rd ed.
260 _aBoston :
_bHoughton Mifflin,
_cc2004.
300 _axxii, 797, 59 p. :
_bill. (some col.) ;
_c29 cm.
500 _aIncludes index.
650 0 _aChemistry.
650 0 _aBiochemistry.
650 0 _aChemistry, Organic.
942 _cBK